000 00703nam a22001817a 4500
999 _c56973
_d56973
005 20201224125332.0
008 190916s2019 ru ||||| |||| 00| 0 rur d
022 _a00428841
041 _arur
245 _aВопросы психологии :
_b2019. Научный журнал /
_cЕ.В. Щедрина Глав. редактор.
260 _aМосква,
_c1955 -
_b2019.
300 _a120 стр.
_b25 см.
653 _aВопросы психологии
653 _aფსიქოლოგიის საკითხები
653 _aპერიოდიკა
700 _aЩедрина, Е.В.
_cმთავარი რედაქტორი
_94010
942 _2udc
_cCR